000 00256nam a2200109Ia 4500
008 190914s9999||||xx |||||||||||||| ||und||
100 _aDavid W.Cravens
245 0 _aStrategic Marketing
260 _aIndia
_bS. Chand
_c2006
300 _a806
942 _cBK
999 _c10113
_d10113